[Event "Online Olym Div2 B"]
[Site "Chess.com INT"]
[Date "2021.09.02"]
[Round "1.4"]
[White "Azhar, Puteri Rifqah Fahad"]
[Black "Wilson, Julie Christine"]
[Result "1/2-1/2"]
[WhiteElo "1939"]
[BlackElo "1826"]
[PlyCount "65"]
[EventDate "2021.09.02"]
[EventType "team (rapid)"]
[EventRounds "9"]
[EventCountry "USA"]
[SourceTitle "CBM 204 Extra"]
[Source "ChessBase"]
[SourceDate "2021.11.30"]
[SourceVersion "1"]
[SourceVersionDate "2021.11.30"]
[SourceQuality "1"]
[WhiteTeam "Malaysia"]
[BlackTeam "Wales"]
[WhiteTeamCountry "MAS"]
[BlackTeamCountry "WLS"]

1. d4 e6 2. Nf3 f5 3. c4 b6 4. Nc3 Bb7 5. e3 Bb4 6. Bd3 Nf6 7. 0-0 Bxc3 8. bxc3 0-0 9. Ba3 d6 10. Rb1 Nbd7 11. Nd2 Rb8 12. Qb3 Qe8 13. Qc2 Qg6 14. f3 c5 15. Rbe1 Rbe8 16. e4 fxe4 17. Nxe4 Nxe4 18. Bxe4 Bxe4 19. Qxe4 Qf6 20. Re2 Rf7 21. Rd1 Rfe7 22. Bc1 Kh8 23. Qf4 e5 24. Qxf6 Nxf6 25. Rde1 Nd7 26. Bf4 Kg8 27. Bg3 Kf7 28. d5 Nf6 29. Bh4 h6 30. Bxf6 Kxf6 31. Kf2 g5 32. Re4 Kf5 33. a4 1/2-1/2

[Event "Online Olym Div2 B"]
[Site "Chess.com INT"]
[Date "2021.09.02"]
[Round "3.3"]
[White "Viikmaa, Karmen"]
[Black "Wilson, Julie Christine"]
[Result "1-0"]
[WhiteElo "1720"]
[BlackElo "1826"]
[PlyCount "85"]
[EventDate "2021.09.02"]
[EventType "team (rapid)"]
[EventRounds "9"]
[EventCountry "USA"]
[SourceTitle "CBM 204 Extra"]
[Source "ChessBase"]
[SourceDate "2021.11.30"]
[SourceVersion "1"]
[SourceVersionDate "2021.11.30"]
[SourceQuality "1"]
[WhiteTeam "Estonia"]
[BlackTeam "Wales"]
[WhiteTeamCountry "EST"]
[BlackTeamCountry "WLS"]

1. Nf3 e6 2. g3 Nf6 3. Bg2 d5 4. d3 Bd6 5. 0-0 0-0 6. Nbd2 Bd7 7. e4 dxe4 8. dxe4 e5 9. c3 Nc6 10. a4 a6 11. Qc2 Be6 12. Ng5 Bd7 13. Nc4 Rc8 14. Rd1 Bc5 15. h3 Qe7 16. b4 Ba7 17. Ne3 h6 18. Nf3 Ra8 19. b5 axb5 20. axb5 Nd8 21. Ba3 Qe6 22. Bxf8 Kxf8 23. c4 Qe7 24. Nd5 Nxd5 25. exd5 f6 26. Nh4 Be8 27. Qh7 Qc5 28. Qc2 Nf7 29. Ng6+ Kg8 30. h4 Nd6 31. Rdc1 Bxg6 32. Qxg6 Qxf2+ 33. Kh2 Rf8 34. Rc2 Qe3 35. Bh3 f5 36. Qe6+ Rf7 37. Rf1 f4 38. gxf4 Qd3 39. Ra2 Be3 40. fxe5 Qxc4 41. Ra8+ Kh7 42. Rxf7 Nxf7 43. Bf5+ 1-0

[Event "Online Olym Div3 C"]
[Site "Chess.com INT"]
[Date "2021.08.27"]
[Round "1.4"]
[White "Wilson, Julie Christine"]
[Black "Faqeeh, Rahaf"]
[Result "1/2-1/2"]
[WhiteElo "1826"]
[BlackElo "1432"]
[PlyCount "56"]
[EventDate "2021.08.27"]
[EventType "team-tourn (rapid)"]
[EventRounds "9"]
[EventCountry "USA"]
[SourceTitle "CBM 204 Extra"]
[Source "ChessBase"]
[SourceDate "2021.11.30"]
[SourceVersion "1"]
[SourceVersionDate "2021.11.30"]
[SourceQuality "1"]
[WhiteTeam "Wales"]
[BlackTeam "Palestine"]
[WhiteTeamCountry "WLS"]
[BlackTeamCountry "PLE"]

1. d4 Nf6 2. c4 g6 3. Nc3 Bg7 4. e4 d6 5. Nge2 0-0 6. Ng3 b6 7. Be2 Bb7 8. 0-0 Nbd7 9. Be3 c6 10. Qd2 e5 11. d5 cxd5 12. cxd5 Rc8 13. Rac1 Nc5 14. b4 Na6 15. a3 Nc7 16. Bg5 Ba6 17. b5 Bb7 18. f4 Qe8 19. fxe5 Qxe5 20. Bf4 Qe7 21. Bf3 Nd7 22. a4 Ne8 23. Rfe1 Ne5 24. Be2 Nc4 25. Qd3 Ne5 26. Qd2 Nc4 27. Qd3 Nb2 28. Qd2 Nc4 1/2-1/2

[Event "Online Olym Div3 C"]
[Site "Chess.com INT"]
[Date "2021.08.27"]
[Round "3.5"]
[White "Wilson, Julie Christine"]
[Black "Francis, Onkemetse"]
[Result "1/2-1/2"]
[WhiteElo "1826"]
[BlackElo "1787"]
[PlyCount "96"]
[EventDate "2021.08.27"]
[EventType "team-tourn (rapid)"]
[EventRounds "9"]
[EventCountry "USA"]
[SourceTitle "CBM 204 Extra"]
[Source "ChessBase"]
[SourceDate "2021.11.30"]
[SourceVersion "1"]
[SourceVersionDate "2021.11.30"]
[SourceQuality "1"]
[WhiteTeam "Wales"]
[BlackTeam "Botswana"]
[WhiteTeamCountry "WLS"]
[BlackTeamCountry "BOT"]

1. d4 d5 2. c4 e6 3. Nf3 Nf6 4. Bg5 Be7 5. Nc3 Nbd7 6. e3 c6 7. Qc2 0-0 8. Bd3 h6 9. Bh4 dxc4 10. Bxc4 Nd5 11. Bxe7 Qxe7 12. 0-0 N5f6 13. Rac1 e5 14. dxe5 Nxe5 15. Nxe5 Qxe5 16. Qe2 Ng4 17. g3 Qh5 18. f3 Ne5 19. Bb3 Qf5 20. Bc2 Qf6 21. Rcd1 Bh3 22. Rf2 Rfd8 23. Ne4 Qe7 24. f4 Ng4 25. Rf3 Nf6 26. Nxf6+ Qxf6 27. Rf2 Rxd1+ 28. Qxd1 Rd8 29. Qc1 Be6 30. a3 Qe7 31. Be4 Bd5 32. Bg2 Bxg2 33. Kxg2 Qe4+ 34. Kg1 Rd3 35. Re2 Rd8 36. Qc2 Qxc2 37. Rxc2 f5 38. Kf2 Kf7 39. Kf3 Rd3 40. h3 Kf6 41. g4 g6 42. gxf5 gxf5 43. Rc5 Rd2 44. b4 Rh2 45. Kg3 Re2 46. Kf3 Rh2 47. Kg3 Re2 48. Kf3 Rh2 1/2-1/2

[Event "BCF-chT1a 1617 (4NCL)"]
[Site "England"]
[Date "2017.02.12"]
[Round "6.37"]
[White "Wilson, Julie Christine"]
[Black "Congiu, Mathilde"]
[Result "0-1"]
[WhiteElo "1885"]
[BlackElo "2208"]
[PlyCount "58"]
[EventDate "2016.11.19"]
[EventType "team-tourn"]
[EventRounds "7"]
[EventCountry "ENG"]
[SourceTitle "EXT 2018"]
[Source "ChessBase"]
[SourceDate "2017.10.13"]
[SourceVersion "1"]
[SourceVersionDate "2017.10.13"]
[SourceQuality "1"]
[WhiteTeam "South Wales Dragons"]
[BlackTeam "3CS Oldham"]
[WhiteTeamCountry "ENG"]
[BlackTeamCountry "ENG"]

1. d4 Nf6 2. c4 g6 3. Nc3 Bg7 4. e4 d6 5. Nge2 0-0 6. Ng3 a6 7. Be2 c5 8. d5 b5 9. cxb5 axb5 10. Bxb5 Ba6 11. Bxa6 Nxa6 12. 0-0 Qb6 13. Rb1 h5 14. Bg5 Nc7 15. Qd2 Nb5 16. Nxb5 Qxb5 17. a3 Rfb8 18. f3 Rb7 19. Ne2 Rab8 20. Nc3 Qc4 21. Rfc1 Rb3 22. Be3 Nd7 23. Nd1 Qa6 24. f4 Nf6 25. Qc2 Ng4 26. Bxc5 dxc5 27. Qxc5 Qe2 28. Nc3 Bxc3 29. Rxc3 Rxb2 0-1

[Event "BCF-chT1a 1617 (4NCL)"]
[Site "England"]
[Date "2017.02.11"]
[Round "5.17"]
[White "Radovanovic, Jovica"]
[Black "Wilson, Julie Christine"]
[Result "1-0"]
[WhiteElo "2343"]
[BlackElo "1885"]
[PlyCount "93"]
[EventDate "2016.11.19"]
[EventType "team-tourn"]
[EventRounds "7"]
[EventCountry "ENG"]
[SourceTitle "EXT 2018"]
[Source "ChessBase"]
[SourceDate "2017.10.13"]
[SourceVersion "1"]
[SourceVersionDate "2017.10.13"]
[SourceQuality "1"]
[WhiteTeam "Cheddleton"]
[BlackTeam "South Wales Dragons"]
[WhiteTeamCountry "ENG"]
[BlackTeamCountry "ENG"]

1. d4 Nf6 2. Nf3 e6 3. c4 b6 4. Nc3 Bb7 5. a3 Ne4 6. Nxe4 Bxe4 7. Nd2 Bb7 8. e4 d6 9. Be2 Be7 10. 0-0 Nd7 11. d5 0-0 12. b4 Bf6 13. Rb1 c6 14. dxc6 Bxc6 15. Qb3 Qe7 16. Re1 Rac8 17. Bf1 Bb7 18. Nf3 Ne5 19. Bf4 Ng4 20. h3 Ne5 21. Rbd1 Nxf3+ 22. Qxf3 Rfd8 23. Qg3 e5 24. Bd2 Bh4 25. Qd3 Qf6 26. g3 Bg5 27. Bc3 Qg6 28. Kh2 Qf6 29. Re2 Qe6 30. Rc2 Rc7 31. h4 Be7 32. Bb2 Rdc8 33. Bh3 Qg6 34. Bf5 Qh5 35. Bxc8 Bxc8 36. c5 Bxh4 37. gxh4 Qxh4+ 38. Kg2 Qg4+ 39. Kf1 Qh5 40. f3 Qh1+ 41. Ke2 Qh2+ 42. Ke1 Qg1+ 43. Kd2 Qg5+ 44. Qe3 Qf6 45. cxb6 Rxc2+ 46. Kxc2 axb6 47. Kb1 1-0

[Event "BCF-chT1b 1516 (4NCL)"]
[Site "England"]
[Date "2015.11.15"]
[Round "2.188"]
[White "Wilson, Julie Christine"]
[Black "Sucikova, Svetlana"]
[Result "0-1"]
[WhiteElo "1882"]
[BlackElo "2177"]
[PlyCount "68"]
[EventDate "2015.11.14"]
[EventType "team-swiss"]
[EventRounds "11"]
[EventCountry "ENG"]
[SourceTitle "CBM 169 Extra"]
[Source "ChessBase"]
[SourceDate "2015.12.18"]
[SourceVersion "1"]
[SourceVersionDate "2015.12.18"]
[SourceQuality "1"]
[WhiteTeam "South Wales Dragons"]
[BlackTeam "White Rose"]
[WhiteTeamCountry "ENG"]
[BlackTeamCountry "ENG"]

1. d4 d5 2. c4 e6 3. Nf3 Nf6 4. Nc3 Be7 5. e3 0-0 6. Bd3 b6 7. cxd5 exd5 8. Bd2 Bb7 9. Qc2 c5 10. 0-0 Nc6 11. a3 a6 12. Rac1 c4 13. Be2 b5 14. Rfd1 Qb6 15. Ng5 Rfd8 16. Bf3 Na5 17. e4 Nb3 18. e5 Ne4 19. Ncxe4 dxe4 20. Bxe4 Nxd2 21. Bxh7+ Kf8 22. Qxd2 Qh6 23. f4 Bxg5 24. fxg5 Qxh7 25. Rf1 Bd5 26. Rf4 Kg8 27. Rcf1 Rd7 28. Qf2 Qg6 29. Qg3 Rad8 30. Rh4 Be6 31. Qe3 Qd3 32. Qf2 Rxd4 33. Rh5 Qg6 34. Qe2 Bg4 0-1

[Event "BCF-chT2 1011 (4NCL)"]
[Site "England"]
[Date "2011.01.15"]
[Round "3.18"]
[White "Wilson, Julie Christine"]
[Black "Merry, Alan B"]
[Result "0-1"]
[WhiteElo "1898"]
[BlackElo "1979"]
[PlyCount "74"]
[EventDate "2010.11.06"]
[EventType "team-swiss"]
[EventRounds "11"]
[EventCountry "ENG"]
[SourceTitle "EXT 2012"]
[Source "ChessBase"]
[SourceDate "2011.11.24"]
[SourceVersion "1"]
[SourceVersionDate "2011.11.24"]
[SourceQuality "1"]
[WhiteTeam "South Wales Dragons"]
[BlackTeam "Anglian Avengers"]
[WhiteTeamCountry "ENG"]
[BlackTeamCountry "ENG"]

1. d4 Nf6 2. c4 c5 3. d5 d6 4. Nc3 h6 5. e4 g5 6. Nge2 Nbd7 7. Ng3 Ne5 8. Be2 g4 9. Bd2 h5 10. Qc2 Bh6 11. 0-0-0 Bxd2+ 12. Qxd2 h4 13. Nf5 Bxf5 14. exf5 Qd7 15. Qc2 Rh5 16. h3 Qxf5 17. Qxf5 Rxf5 18. hxg4 Rxf2 19. Rxh4 0-0-0 20. g5 Nfd7 21. Bf1 Ng6 22. Rh7 Rg8 23. Ne4 Rf4 24. Re1 Ndf8 25. Rh6 Ne5 26. g3 Rf3 27. Bh3+ Kd8 28. Bf1 Nfg6 29. Kc2 Ng4 30. Rh1 N6e5 31. b3 Ne3+ 32. Kd2 Nf5 33. Rh3 Ng4 34. Rh7 Nxg3 35. Nxg3 Rxg3 36. Rxf7 Ne5 37. g6 Nxf7 0-1

[Event "Olympiad Women-39"]
[Site "Khanty-Mansiysk"]
[Date "2010.09.21"]
[Round "1.10"]
[White "Maisuradze, Nino"]
[Black "Wilson, Julie Christine"]
[Result "1-0"]
[WhiteElo "2273"]
[BlackElo "1893"]
[PlyCount "73"]
[EventDate "2010.09.21"]
[EventType "team-swiss"]
[EventRounds "11"]
[EventCountry "RUS"]
[SourceTitle "CBM 139"]
[Source "ChessBase"]
[SourceDate "2010.11.18"]
[SourceVersion "1"]
[SourceVersionDate "2010.11.18"]
[SourceQuality "1"]
[WhiteTeam "France (W)"]
[BlackTeam "Wales (W)"]
[WhiteTeamCountry "FRA"]
[BlackTeamCountry "WLS"]

1. d4 Nf6 2. Nf3 e6 3. e3 b6 4. Bd3 Bb7 5. 0-0 d5 6. Qe2 Nbd7 7. Ne5 Bd6 8. f4 0-0 9. a4 Ne4 10. a5 Nxe5 11. fxe5 Be7 12. a6 Bc6 13. Qg4 Qd7 14. Bxe4 dxe4 15. Nc3 Kh8 16. Rd1 Rad8 17. b3 Bb4 18. Nxe4 Qd5 19. Ng5 Bc3 20. Ba3 Bxa1 21. Bxf8 Rxf8 22. Rxa1 h6 23. c4 Qd8 24. Nf3 b5 25. e4 bxc4 26. bxc4 Qb8 27. Qh4 Qb2 28. Rf1 Qa3 29. d5 exd5 30. exd5 Ba4 31. Qd4 c5 32. dxc6 Bxc6 33. Qxa7 Qc3 34. Qd4 Qa5 35. Ra1 Qb4 36. Qd6 Qxd6 37. exd6 1-0

[Event "BCF-chT1d 0910 (4NCL) Demotion pool"]
[Site "England"]
[Date "2010.03.28"]
[Round "8.8"]
[White "Shepherd, Katherine M"]
[Black "Wilson, Julie Christine"]
[Result "1/2-1/2"]
[WhiteElo "1698"]
[BlackElo "1890"]
[PlyCount "36"]
[EventDate "2009.10.24"]
[EventType "team-tourn"]
[EventRounds "4"]
[EventCountry "ENG"]
[SourceTitle "EXT 2011"]
[Source "ChessBase"]
[SourceDate "2010.11.26"]
[SourceVersion "1"]
[SourceVersionDate "2010.11.26"]
[SourceQuality "1"]
[WhiteTeam "Guildford II"]
[BlackTeam "South Wales Dragons"]
[WhiteTeamCountry "ENG"]
[BlackTeamCountry "ENG"]

1. d4 Nf6 2. Nf3 e6 3. Bf4 b6 4. e3 Bb7 5. a3 Be7 6. c4 d6 7. Nc3 Ne4 8. Nxe4 Bxe4 9. Bd3 Bxd3 10. Qxd3 Nd7 11. 0-0 0-0 12. Rfd1 Re8 13. b4 Bf6 14. Rac1 e5 15. dxe5 Nxe5 16. Nxe5 dxe5 17. Qb3 Qe7 18. Bg3 Red8 1/2-1/2

[Event "BCF-chT1b 0910 (4NCL)"]
[Site "England"]
[Date "2010.02.21"]
[Round "6.8"]
[White "Wilson, Julie Christine"]
[Black "Yurenok, Maria S"]
[Result "1/2-1/2"]
[WhiteElo "1890"]
[BlackElo "1953"]
[PlyCount "75"]
[EventDate "2009.10.24"]
[EventType "team-tourn"]
[EventRounds "7"]
[EventCountry "ENG"]
[SourceTitle "EXT 2011"]
[Source "ChessBase"]
[SourceDate "2010.11.26"]
[SourceVersion "1"]
[SourceVersionDate "2010.11.26"]
[SourceQuality "1"]
[WhiteTeam "South Wales Dragons"]
[BlackTeam "Betsson.com"]
[WhiteTeamCountry "ENG"]
[BlackTeamCountry "ENG"]

1. d4 d5 2. c4 c6 3. Nc3 dxc4 4. e3 b5 5. a4 b4 6. Na2 e6 7. Bxc4 Nf6 8. Nf3 Nbd7 9. 0-0 Be7 10. Bd2 a5 11. Nc1 0-0 12. Qc2 Ba6 13. Bxa6 Rxa6 14. Nd3 Qb6 15. b3 c5 16. Rac1 cxd4 17. Nxd4 Ne4 18. Ne5 Ndf6 19. Be1 Bc5 20. Nc4 Qb7 21. Nb5 Rc8 22. Qd3 Bf8 23. f3 Nc5 24. Qd1 Qd5 25. Qc2 Qd3 26. Qxd3 Nxd3 27. Rb1 Nc5 28. Nd2 Rd8 29. Rb2 Nd3 30. Rc2 Nxe1 31. Rxe1 Rd3 32. Kf2 g6 33. Nd4 Bh6 34. f4 Rc3 35. Ke2 Rxc2 36. Nxc2 Nd5 37. Nc4 Nc3+ 38. Kf3 1/2-1/2

[Event "BCF-chT2b 0809 (4NCL)"]
[Site "Hinckley Island"]
[Date "2009.01.18"]
[Round "6.8"]
[White "Wilson, Julie Christine"]
[Black "Owens, Megan R"]
[Result "1/2-1/2"]
[WhiteElo "1916"]
[BlackElo "1735"]
[PlyCount "51"]
[EventDate "2008.10.04"]
[EventType "team-tourn"]
[EventRounds "7"]
[EventCountry "ENG"]
[SourceTitle "EXT 2010"]
[Source "ChessBase"]
[SourceDate "2010.11.25"]
[SourceVersion "1"]
[SourceVersionDate "2010.11.25"]
[SourceQuality "1"]
[WhiteTeam "South Wales Dragons II"]
[BlackTeam "Celtic Tigers"]
[WhiteTeamCountry "ENG"]
[BlackTeamCountry "ENG"]

1. d4 Nf6 2. c4 g6 3. Nc3 d5 4. cxd5 Nxd5 5. e4 Nxc3 6. bxc3 c5 7. Be3 Bg7 8. Rb1 0-0 9. Nf3 Nc6 10. Be2 cxd4 11. cxd4 Qa5+ 12. Qd2 Qxd2+ 13. Kxd2 Rd8 14. Kc3 Bg4 15. Rxb7 Bxf3 16. Bxf3 Nxd4 17. Kc4 Rac8+ 18. Kb4 Nc2+ 19. Kb5 Nxe3 20. fxe3 Rd2 21. a4 Bh6 22. Rd1 Rb2+ 23. Ka6 Rc6+ 24. Kxa7 Bxe3+ 25. Kb8 Bf4+ 26. Ka7 1/2-1/2

[Event "BCF-chT2b 0809 (4NCL)"]
[Site "Hinckley Island"]
[Date "2008.12.06"]
[Round "3.8"]
[White "Wilson, Julie Christine"]
[Black "Haria, Ravi"]
[Result "1-0"]
[WhiteElo "1935"]
[BlackElo "1794"]
[PlyCount "43"]
[EventDate "2008.10.04"]
[EventType "team-tourn"]
[EventRounds "7"]
[EventCountry "ENG"]
[SourceTitle "EXT 2010"]
[Source "ChessBase"]
[SourceDate "2010.11.25"]
[SourceVersion "1"]
[SourceVersionDate "2010.11.25"]
[SourceQuality "1"]
[WhiteTeam "South Wales Dragons II"]
[BlackTeam "Kings Head"]
[WhiteTeamCountry "ENG"]
[BlackTeamCountry "ENG"]

1. d4 Nf6 2. c4 c5 3. d5 b5 4. Nf3 g6 5. e3 Bb7 6. Bd3 b4 7. 0-0 Bg7 8. e4 d6 9. Qe2 0-0 10. Be3 Nbd7 11. h3 e6 12. Nbd2 Ne8 13. Rab1 e5 14. Nh2 f5 15. f4 exf4 16. Rxf4 Be5 17. Rff1 f4 18. Bf2 g5 19. Ng4 h5 20. Nh6+ Kh7 21. Nf5 Ndf6 22. Nf3 1-0

[Event "Olympiad Women-38"]
[Site "Dresden"]
[Date "2008.11.20"]
[Round "7"]
[White "Wilson, Julie Christine"]
[Black "Barrenechea, Stefanie"]
[Result "0-1"]
[WhiteElo "1935"]
[BlackElo "1994"]
[PlyCount "71"]
[EventDate "2008.11.13"]
[EventType "team-swiss"]
[EventRounds "11"]
[EventCountry "GER"]
[SourceTitle "CBM 128"]
[Source "ChessBase"]
[SourceDate "2009.01.28"]
[SourceVersion "1"]
[SourceVersionDate "2009.01.28"]
[SourceQuality "1"]
[WhiteTeam "Wales (W)"]
[BlackTeam "Bolivia (W)"]
[WhiteTeamCountry "WLS"]
[BlackTeamCountry "BOL"]

1. d4 d5 2. c4 dxc4 3. Nf3 Nf6 4. Nc3 e6 5. e3 a6 6. Bxc4 c5 7. 0-0 b5 8. Bd3 Bb7 9. dxc5 Bxc5 10. e4 Nbd7 11. Re1 Ng4 12. Re2 Nde5 13. Nxe5 Nxe5 14. Bc2 Qe7 15. Bf4 Ng4 16. Bg3 h5 17. Rd2 Qf6 18. Qe2 Ne5 19. Nxb5 Kf8 20. Bxe5 Qxe5 21. Rad1 g6 22. Nc3 Bb4 23. Rd3 Rc8 24. Qf3 Bc6 25. a3 Be7 26. Rd4 Kg7 27. R4d2 Rc7 28. Ba4 Bxa4 29. Nxa4 Rb8 30. Nc3 Rbb7 31. Qe2 a5 32. Rc2 Bxa3 33. bxa3 Rxc3 34. Ra2 Rbb3 35. a4 Rb4 36. f3 0-1

[Event "Tom Weston Major op"]
[Site "Wales"]
[Date "2008.03.21"]
[Round "1"]
[White "Wilson, Julie Christine"]
[Black "Hatchett, Paul"]
[Result "0-1"]
[WhiteElo "1672"]
[BlackElo "1929"]
[PlyCount "70"]
[EventDate "2008.03.21"]
[EventType "swiss"]
[EventRounds "7"]
[EventCountry "WLS"]
[SourceTitle "EXT 2010"]
[Source "ChessBase"]
[SourceDate "2010.11.25"]
[SourceVersion "1"]
[SourceVersionDate "2010.11.25"]
[SourceQuality "1"]

1. d4 Nf6 2. c4 e6 3. Nf3 d5 4. Nc3 Nbd7 5. Bf4 c6 6. a3 dxc4 7. e3 Nd5 8. Bg5 Qa5 9. Rc1 Nxc3 10. Rxc3 Bxa3 11. Nd2 Bb4 12. Rxc4 Bxd2+ 13. Qxd2 Qxg5 14. f4 Qe7 15. Bd3 0-0 16. 0-0 g6 17. Rf3 c5 18. Rh3 Rd8 19. Qe2 cxd4 20. exd4 Nf8 21. f5 Qf6 22. fxg6 hxg6 23. Qe3 b5 24. Rf3 Qg7 25. Rc7 Qxd4 26. Qxd4 Rxd4 27. Rcxf7 Ba6 28. R7f6 Rg4 29. h3 Rg5 30. Bc2 Bb7 31. Rf2 Rc8 32. Rf7 Rxg2+ 33. Rxg2 Kxf7 34. Rf2+ Kg7 35. Bb3 Bd5 0-1

[Event "BCF-chT2 0708 (4NCL)"]
[Site "Sunningdale"]
[Date "2008.03.02"]
[Round "8.8"]
[White "Khakimova, Masrura"]
[Black "Wilson, Julie Christine"]
[Result "1/2-1/2"]
[WhiteElo "1978"]
[BlackElo "1935"]
[PlyCount "65"]
[EventDate "2007.09.15"]
[EventType "team-tourn"]
[EventRounds "11"]
[EventCountry "ENG"]
[SourceTitle "EXT 2023"]
[Source "ChessBase"]
[SourceDate "2022.10.05"]
[SourceVersion "1"]
[SourceVersionDate "2022.10.05"]
[SourceQuality "1"]
[WhiteTeam "White Rose"]
[BlackTeam "SW Dragons"]
[WhiteTeamCountry "ENG"]
[BlackTeamCountry "ENG"]

1. e4 e6 2. d4 d5 3. exd5 exd5 4. Bd3 Bd6 5. Nf3 Ne7 6. Bg5 f6 7. Bh4 0-0 8. Nbd2 Bg4 9. c3 Qe8 10. 0-0 Nd7 11. Re1 Qh5 12. Qc2 Rae8 13. Bg3 Bxg3 14. hxg3 c5 15. dxc5 Nxc5 16. Bb5 Bd7 17. Bxd7 Nxd7 18. Nd4 f5 19. Ne6 Rf6 20. Nc7 Rh6 21. f3 Rc8 22. Kf2 f4 23. Rxe7 fxg3+ 24. Ke2 Rxc7 25. Qa4 Nf6 26. Rxc7 Qe5+ 27. Kd3 Qxc7 28. Re1 Nd7 29. Qxa7 Nc5+ 30. Kc2 Ra6 31. Re8+ Kf7 32. Qb8 Qxb8 33. Rxb8 1/2-1/2